Digimon Season 1 Partner Digimon - Statistics

General Stats
  • This quiz has been taken 1,907 times
  • The average score is 19 of 26
Answer Stats
Character Digivolution Digimon % Correct
Tai Rookie Agumon
97%
Tai Champion Greymon
93%
T.K. Rookie Patamon
87%
T.K. Champion Angemon
86%
Tai Ultimate Metalgreymon
86%
Matt Champion Garurumon
84%
Matt Rookie Gabumon
83%
Tai Mega Wargreymon
82%
Matt Mega Metalgarurumon
77%
Mimi Rookie Palmon
77%
Izzy Rookie Tentomon
77%
Kari Ultimate Angewomon
76%
Sora Champion Birdramon
75%
Kari Champion Gatomon
75%
Izzy Champion Kabuterimon
74%
Matt Ultimate Weregarurumon
70%
Mimi Champion Togemon
68%
Mimi Ultimate Lillymon
67%
Joe Rookie Gomamon
66%
Joe Champion Ikkakumon
66%
Sora Rookie Biyomon
63%
Izzy Ultimate Megakabuterimon
59%
T.K. Ultimate Magnaangemon
53%
Sora Ultimate Garudamon
52%
Joe Ultimate Zudomon
51%
Kari Rookie Salamon
46%
No matching quizzes found
Score Distribution
Percent of People with Each Score
Percentile by Number Answered
Your Score History
You have not taken this quiz